|
|
|
|
| LEADER |
01268nam a22002657a 4500 |
| 001 |
565 |
| 003 |
BD-DhAAL |
| 008 |
151222s1990 bd a|||| b||| 001 0 eng d |
| 040 |
|
|
|a BD-DhAAL
|c BD-DhAAL
|
| 082 |
|
|
|a 320.8/09172/4
|
| 100 |
|
|
|a Huque, Ahmed Shafiqul
|9 16907
|
| 245 |
|
|
|a Paradoxes in public administration dimensions of development /
|c Ahmed Shafiqul Huque.
|
| 250 |
|
|
|a 1st ed.
|
| 260 |
|
|
|a Dhaka :
|b University Press,
|c 1990.
|
| 300 |
|
|
|a xii, 188 p. :
|b ill. ;
|c 21 cm.
|
| 504 |
|
|
|6 Includes bibliography (p. 168-184) and index
|
| 541 |
|
|
|e 565
|
| 650 |
|
|
|a Local government
|x Developing countries.
|9 16908
|
| 650 |
|
|
|a Developing countries
|x Politics and government.
|9 16909
|
| 650 |
|
|
|a Local government
|9 16910
|
| 942 |
|
|
|2 ddc
|c BK
|
| 999 |
|
|
|c 36431
|d 36431
|
| 952 |
|
|
|0 0
|1 0
|2 ddc
|4 0
|6 320_800000000000000_09172_4_PAR
|7 0
|9 57331
|a SCL
|b SCL
|c GEN
|d 2015-12-22
|g 350.00
|l 0
|o 320.8091724 PAR
|p 3020000565
|r 2015-12-22
|t 1
|w 2015-12-22
|y BK
|
| 952 |
|
|
|0 0
|1 0
|2 ddc
|4 0
|6 320_800000000000000_09172_4_PAR
|7 0
|9 57332
|a SCL
|b SCL
|c GEN
|d 2015-12-22
|g 350.00
|l 0
|o 320.8091724 PAR
|p 3020000579
|r 2015-12-22
|t 2
|w 2015-12-22
|y BK
|
| 952 |
|
|
|0 0
|1 0
|2 ddc
|4 0
|6 320_800000000000000_09172_4_PAR
|7 0
|9 57333
|a SCL
|b SCL
|c GEN
|d 2015-12-22
|g 350.00
|l 0
|o 320.8091724 PAR
|p 3020004192
|r 2015-12-22
|t 3
|w 2015-12-22
|y BK
|